| 000 | 01435cam a2200277zu 4500 | ||
|---|---|---|---|
| 001 | 45001823 | ||
| 003 | FRCYB45001823 | ||
| 005 | 20251020123053.0 | ||
| 006 | m o d | ||
| 007 | cr un | ||
| 008 | 251020s2005 fr | o|||||0|0|||fre d | ||
| 020 | _a9782916147017 | ||
| 035 | _aFRCYB45001823 | ||
| 040 |
_aFR-PaCSA _bfr _c _erda |
||
| 100 | 1 | _aFaïta, Mino | |
| 245 | 0 | 1 |
_aCarnets de guerre de Pierre Pasquier _bMémoire et histoire 1914-1948 _c['Faïta, Mino'] |
| 264 | 1 |
_bEditions de l'Astronome _c2005 |
|
| 300 | _a p. | ||
| 336 |
_btxt _2rdacontent |
||
| 337 |
_bc _2rdamdedia |
||
| 338 |
_bc _2rdacarrier |
||
| 650 | 0 | _a | |
| 700 | 0 | _aFaïta, Mino | |
| 856 | 4 | 0 |
_2Cyberlibris _uhttps://international.scholarvox.com/netsen/book/45001823 _qtext/html _a |
| 520 | _aEcrits dans l'urgence d"une situation constamment dramatique où la mort préside à tous les destins, ces carnets de guerre sont un témoignage précieux.Parcourant la ligne de front des Vosges à la mer en passant par l’Alsace, la Lorraine, la Champagne, la Picardie, le Nord Pas de Calais, la Belgique… pendant plus de 4 ans, le caporal P. Pasquier observe, noue des relations et note tout. 7Au cours de ces périples, interrompus par neuf brèves permissions, il rencontre des centaines d’hommes et, parmi eux, des Savoyards enrégimentés dans les 97e et 30e R.I. mais aussi les Haut Alpins du 159e, les chasseurs… | ||
| 999 |
_c1552928 _d1552928 |
||